1950 1144 1118 1013 1436 1090 1554 1496 1900 1915 1695 1644 1872 1494 1648 1643 1987 1500 1267 1238 1183 1889 1183 1764 1017 1267 1259 1242 1142 1295 1739 1386 1725 1830 1401 1695 1397 1323 1967 1663 1764 1698 1841 1152 1677 1773 1386 1141 1045 1102 1038 1031 1380 1015 1440 1332 1609 1226 1971 1433 1827 1063 1364 1323 1175 1857 1223 1650 1241 1951 1343 1885 1312 1401 1489 1931 1040 1529 1198 1815 1277 1588 1559 1103 1903 1481 1336 1197 1476 1932 1433 1281 1857 1878 1662 1429 1363 1440 1255 BCNSPRNW ULIB Ver.6.0+V

เปลี่ยนเป็นภาษาไทย

Change to English
 แสดงรายละเอียดบรรณานุกรม
  กลับหน้าหลัก

Brief Record : Get Marc (ISO 2709) : E-mail record : QR code < ปิดหน้าต่าง
LEADER : 00000nam 2200000uu 4500
001    13399115278
003     ULIB
008    120809s2554||||th 000 0 tha d
020    ^a9786162230882
041 0  ^atha
060  4 ^aWM100^bน645จ
100 0  ^aนิรมล พัจนสุนทร,^eบรรณาธิการ
245 00 ^aจิตเวชศาสตร์ทั่วไป =^bGeneral psychiatry /^cบรรณาธิการ, นิรมล พัจนสุนทร ... [และคนอื่น ๆ]
246 31 ^aGeneral psychiatry
250    ^aพิมพ์ครั้งที่ 3
260    ^aขอนแก่น :^bภาควิชาจิตเวชศาสตร์ คณะแพทยศาสตร์ มหาวิทยาลัยขอนแก่น,^c2554
300    ^a190 หน้า :^bภาพประกอบ ;^c26 ซม.
650  7 ^aจิตเวชศาสตร์
650  7 ^aจิตผิดปกติ
650  7 ^aโรคจิต
700 0  ^aกนิดา ทัศนิยม,^eบรรณาธิการ
700 0  ^aอัจฉรา รวมเจริญเกียรติ,^eบรรณาธิการ
700 0  ^aกุศลาภรณ์ วงศ์นิยม,^eบรรณาธิการ
710 2  ^aมหาวิทยาลัยขอนแก่น. ^bคณะแพทยศาสตร์.^bภาควิชาจิตเวชศาสตร์
945    ^p0^l0^i19193
945    ^p0^l0^i19194
995    ^aทศพร
999 ^a ใช้งานได้ทุกระบบ
รายการนี้ยังไม่มีแท็ก
คุณยังไม่ได้ล็อกอิน คุณสามารถมีกิจกรรมร่วมกับเว็บไซต์ได้ แต่ต้องล็อกอินก่อน ::
  ล็อกอิน

รายการสื่อสารสนเทศ

ลำดับที่ ประเภท เลขเรียก/บาร์โค้ด สถานที่ สถานะ
1. วิทยาศาสตร์การแพทย์ และสุขภาพ
วิทยาศาสตร์การแพทย์ และสุขภาพ
สถานะ=หนังสือเก่า
WM100 น645จ ฉ.1 
  Barcode: 19193
ห้องสมุดวิทยาเขตนครสวรรค์
►ส่วนจัดเก็บหนังสือเก่า นว.
บนชั้น
  ขอยืม
2. วิทยาศาสตร์การแพทย์ และสุขภาพ
วิทยาศาสตร์การแพทย์ และสุขภาพ
สถานะ=หนังสือเก่า
WM100 น645จ ฉ.2 
  Barcode: 19194
ห้องสมุดวิทยาเขตนครสวรรค์
►ส่วนจัดเก็บหนังสือเก่า นว.
บนชั้น
  ขอยืม

รายการใกล้เคียง
    หัวเรื่อง [จิตเวชศาสตร์]
    หัวเรื่อง [จิตผิดปกติ]
    หัวเรื่อง [โรคจิต]

BibComment


ยังไม่เคยถูกคอมเมนท์

คอมเมนท์ทรัพยากรรายการนี้
  คอมเมนท์: จิตเวชศาสตร์ทั่ว..


 Copyright 2026. Bcnsprnw @Library